000 00371nam a2200157Ia 4500
001 R-2025
003 CODICE-MESSINA
005 20260212102526.0
008 260211s9999 xx 000 0 und d
040 _cimportazione_messina
100 _aBenito
245 0 _aLa Mia Vita
245 0 _bQuesta e la mia unica autobiografia
260 _bRizzoli
942 _2ddc
_cBK
999 _c28533
_d28533